Milliós ház Alsóvároson nagy propagandára nincs pénzük /

Elmentve itt :
Bibliográfiai részletek
Szerző: Mag Edit
Dokumentumtípus: Cikk
Megjelent: 1985-09-06
Sorozat:Délmagyarország 75 No. 209
Kulcsszavak:művelődési otthonok
Online Access:http://dmarchiv.bibl.u-szeged.hu/115568
LEADER 00481nab a2200157 i 4500
001 delm115568
005 20190909092428.0
008 190909s1985 hu o 0|| hun d
040 |a SZTE Délmagyarország Archívum  |b hun 
041 |a hun 
100 1 |a Mag Edit 
245 1 0 |a Milliós ház Alsóvároson  |h [elektronikus dokumentum] :  |b nagy propagandára nincs pénzük /  |c  Mag Edit 
260 |c 1985-09-06 
300 |a 5 
490 0 |a Délmagyarország  |v 75 No. 209 
695 |a művelődési otthonok